000 01902nam a2200373 ia4500
003 OSt
005 20200623103540.0
008 200623t19192018-uk j 000 1 eng d
020 _cRM530.95
_qset
020 _a9781782264491
_cRM66.36
_qpaperback
040 _aPPAK
_beng
_cPPAK
_erda
082 0 4 _223
_a813.52
090 0 0 _a813.52
_bMON
_dK
100 1 _aMontgomery, L. M.,
_d1874-1942.
_eauthor.
_q(Lucy Maud),
245 1 0 _aRAINBOW VALLEY /
_cL. M. Montgomey ; Cover Design and Illustrations Elena Distefano and Rhiannon Izard
264 1 _aLeicester, United Kingdom :
_bSweet Cherry Publishing,
_c2018
264 4 _c©1919
300 _a312 pages :
_c20 cm
336 _2rdacontent
_atext
337 _2rdamedia
_aunmediated
338 _2rdacarrier
_avolume
490 1 _aAnne of green gables ;
_v7
500 _aFirst published in 1919
520 _aIn the soft greens and glooms of Rainbow Valley, Anne’s children grow up alongside those of the Reverend John Meredith. With a distracted father and no mother, the Meredith children get into so much trouble they decide to form a Good-Conduct Club to help bring themselves up and punish themselves when they do wrong. Unfortunately this only makes things worse. What they really need is a stepmother, but everyone knows stepmothers are wicked. Just ask Mary Vance. Part of the Anne of Green Gables Complete Collection by L. M. Montgomery. A tale of literature’s most famous redhead and her colourful imagination.
600 1 0 _aShirley, Anne
_c(Fictitious character)
_vJuvenile fiction
650 1 0 _aPrince Edward Island (Prince Edward Islands)
_vJuvenile fiction
650 2 0 _aShirley, Anne
_v(Fictitious character)
655 7 _aChildren's stories
655 7 _aFiction
700 1 _aDistefano, Elena,
_eillustrator.
700 1 _aIzard, Rhiannon,
_eillustrator.
830 0 _aAnne Of Green Gables ;
_n7
942 _2ddc
_cB
999 _c177782
_d177782